000 01897cam a2200481 4500
003 PE-LiUPU
005 20250731173419.0
020 _a1558831312
035 _a(Sirsi) i9781558831315
035 _a(Sirsi) 46175
035 _a(Sirsi) 46175
041 _aes
044 _aus
082 0 4 _a262.145731
_bT18
100 1 _aTamminga, Louis M.
245 _aManual ministerial para ancianos /
_cLouis M. Tamminga.
264 1 _aMichigan :
_bLibros Desafío,
_c2002
300 _a246 páginas ;
_c23 cm.
505 0 _aEl cargo de anciano en los tiempos bíblicos -- El siervo bien preparado -- Sirviendo en medio del pueblo de Dios -- Consistorio y consejo -- Más allá de la iglesia local.
526 _aSEG42
526 _aSEG41
526 _aSEG40
526 _aSEG39
526 _aP94
526 _aP87
526 _aP86
526 _aP85
526 _aP77
526 _aP76
526 _aP35
610 _aIglesia Cristiana Reformada
_xGobierno
_vGuías, manuales, etc.
650 1 4 _aAncianos (oficiales de la Iglesia)
_xIglesia Cristiana Reformada
_vGuías, manuales, etc.
700 1 _aBlanch, José Maria
_etr.
700 1 _aPimentel, Alejandro
_eed.
942 _2ddc
_cBOOK
949 _a262.145731 T18
_i63743
_lCCODEBUL1
_mBUL
_tLIBRO
_o.STAFF. Colección General
859 _q63743
_h262.145731
_iT18
910 _a5
_agl
_bjv
_cng
_d20110929
596 _a1
999 _a262.145731 T18
_wDEWEY
_c53596
_i64889
_d53596
_f2021-11-10
_g5
_lCCODEBUL1
_mBUL
_p32.00
_q2
_r0
_sY
_tBOOK
_u2015-7-6
_xTEOLOGIA
_PP35
_0COMPRA
_o.STAFF. Colección General
999 _a262.145731 T18
_wDEWEY
_c2
_i65719
_d2019-8-26
_f2021-11-10
_g6
_lCCODEBUL1
_mBUL
_p25.00
_q1
_r0
_sY
_tBOOK
_u2015-7-6
_xTEOLOGIA
_PP35
_0COMPRA
_o.STAFF. Colección General
980 _81
_gALBERTO SANCHEZ Responsable de Automatización